| 000 | 00449nab a2200145Ia 4500 | ||
|---|---|---|---|
| 003 | ES-SlBCS | ||
| 005 | 20210601125453.0 | ||
| 008 | 140529s1985-86 xxu||||| |||| 00| 0 eng d | ||
| 041 | _aeng | ||
| 100 | 1 |
_aPutman, Daniel A. _9159029 |
|
| 245 | 0 | 0 |
_aEthical Decisions and Contrary-To-Fact Conditionals _c Daniel A. Putman |
| 650 | 0 | 4 |
_aÉtica-Decisiones _9159030 |
| 773 | 0 |
_tReview of Methaphysics _gvol. 39, 1985-86, págs. 47-56 _wRev843 |
|
| 942 | _cAR | ||
| 999 |
_c530859 _d530859 |
||